[Event "TCh-FIN 2002-3"]
[Site "Finland FIN"]
[Date "2003.03.16"]
[Round "9"]
[White "Keskinen,S"]
[Black "Kiltti,J"]
[Result "1/2-1/2"]
[WhiteElo "2227"]
[BlackElo "2220"]

1.Nf3 d5 2.g3 c5 3.Bg2 Nc6 4.O-O Nf6 5.d3 e6 6.Nbd2 Be7 7.e4 b5 8.Re1 a5
9.e5 Nd7 10.Nf1 Qb6 11.c3 a4 12.Bf4 a3 13.b3 Bb7 14.Qd2 d4 15.c4 bxc4 16.bxc4 Qb2
17.Rab1  1/2-1/2

[Event "TCh-AUT 2002-3"]
[Site "Fuerstenfeld AUT"]
[Date "2003.03.16"]
[Round "11"]
[White "Dizdar,G"]
[Black "Tischbierek,R"]
[Result "1/2-1/2"]
[WhiteElo "2514"]
[BlackElo "2506"]

1.Nf3 d5 2.g3 Bg4 3.Bg2 Nd7 4.c4 c6 5.cxd5 cxd5 6.Nc3 e6 7.Qb3 Bxf3 8.Bxf3 Qb6
9.Qxb6 Nxb6 10.O-O Nf6 11.d3 Be7 12.Bf4 O-O 13.Rac1 a6 14.Bc7 Nbd7 15.d4 Rfc8
16.Na4 Kf8 17.Nb6 Nxb6 18.Bxb6 Bd8 19.Bxd8 Rxd8 20.Rc7 Rab8  1/2-1/2

[Event "19th Open"]
[Site "Bad Woerishofen GER"]
[Date "2003.03.17"]
[Round "5"]
[White "Kengis,E"]
[Black "Pirrot,D"]
[Result "1-0"]
[WhiteElo "2570"]
[BlackElo "2411"]

1.Nf3 d5 2.g3 Nc6 3.d4 Bg4 4.Bg2 e6 5.O-O Nf6 6.c4 Bd6 7.Nc3 O-O 8.cxd5 Nxd5
9.h3 Bh5 10.e4 Nb6 11.g4 Bg6 12.Qe2 f5 13.Rd1 fxg4 14.hxg4 Bf4 15.d5 exd5
16.Nxd5 Nxd5 17.exd5 Nb4 18.Bxf4 Rxf4 19.a3 Na6 20.Ne5 Qd6 21.Qe3 Raf8 22.Rd2 Nc5
23.Nxg6 hxg6 24.Rc1 Nd7 25.Rc6 bxc6 26.dxc6 Qxd2 27.Qxd2 Ne5 28.Qd5+ Nf7
29.Qd7 Rxf2 30.Qxc7 Rd2 31.Qe7 Nh6 32.Bd5+  1-0

[Event "19th Open"]
[Site "Bad Woerishofen GER"]
[Date "2003.03.18"]
[Round "6"]
[White "Gutman,L"]
[Black "Savchenko,S"]
[Result "1/2-1/2"]
[WhiteElo "2495"]
[BlackElo "2539"]

1.Nf3 d5 2.g3 Bg4 3.Bg2 Nd7 4.O-O e6 5.b3 Ngf6 6.Bb2 Bd6 7.d3 O-O 8.Qe1 e5
9.e4 dxe4 10.dxe4 Re8 11.Na3 Nc5 12.Nc4 Ncxe4 13.Nfxe5 Bf5 14.Qc1 Qc8 15.Nxd6 cxd6
16.Nc4 d5 17.Ne3 Bh3 18.f3 Bxg2 19.Kxg2 Nc3 20.Qd2 Qc5 21.Bxc3 Qxe3 22.Qxe3 Rxe3
23.Bd4 Re2+ 24.Rf2 Rxf2+ 25.Kxf2 Rc8 26.Rc1 Nd7 27.Ke3 b6 28.Kd3 f6 29.a4 Kf7
30.a5 Ne5+ 31.Bxe5 fxe5 32.axb6 axb6 33.c4 Rd8 34.Ra1 dxc4+ 35.Kxc4 Rd2 36.Ra7+ Kf6
37.Rb7 Rxh2 38.Rxb6+ Kg5 39.Rb7 g6 40.b4 h5 41.b5 h4 42.gxh4+ Kxh4  1/2-1/2

[Event "19th Open"]
[Site "Bad Woerishofen GER"]
[Date "2003.03.19"]
[Round "7"]
[White "Kauch,M"]
[Black "Bjarnason,O"]
[Result "1-0"]
[WhiteElo "2263"]
[BlackElo "2195"]

1.Nf3 d5 2.g3 Bg4 3.Bg2 Nd7 4.d3 c6 5.Nbd2 e6 6.O-O Bd6 7.Qe1 Ne7 8.e4 O-O
9.b3 a5 10.Bb2 a4 11.a3 axb3 12.cxb3 b5 13.Qe3 Bxf3 14.Nxf3 Qb6 15.Qe2 Ra6
16.h4 Rfa8 17.b4 c5 18.Ng5 h6 19.exd5 exd5 20.Nxf7 Kxf7 21.Rae1 Nf8 22.Qg4 g6
23.Qf3+ Ke8 24.Bg7 Nd7 25.Qxd5 Kd8 26.Qf7 R8a7 27.Bf6 Nxf6 28.Qxf6 Rxa3 29.Qf8+ Kd7
30.Bh3+ Kc6 31.Qe8+ Kd5 32.Be6+ Kd4 33.Qh8+ Kxd3 34.Qb2 cxb4 35.Rd1+ Ke4
36.Rfe1+ Kf3 37.Qe2+  1-0

[Event "6th United Insurance"]
[Site "Dhaka BAN"]
[Date "2003.03.20"]
[Round "13"]
[White "Rahman,Zia"]
[Black "Abdulla,Al"]
[Result "1-0"]
[WhiteElo "2542"]
[BlackElo "2405"]

1.Nf3 d5 2.g3 c6 3.Bg2 Bg4 4.b3 Nd7 5.Bb2 Ngf6 6.O-O e6 7.d3 Bd6 8.Nbd2 O-O
9.h3 Bh5 10.Qe1 Re8 11.e4 e5 12.Nh4 a5 13.a3 dxe4 14.dxe4 Qc7 15.Nf5 Bf8
16.f4 Bg6 17.Nh4 exf4 18.gxf4 Nd5 19.Qg3 Qb6+ 20.Kh1 Ne3 21.Rg1 Nxc2 22.Nc4 Qc5
23.Rac1 Nd4 24.Bxd4 Qxd4 25.Rcd1  1-0

[Event "TCh-BEL 2002-3"]
[Site "Belgium BEL"]
[Date "2003.03.23"]
[Round "11"]
[White "Hausrath,D"]
[Black "Vanderstricht,G"]
[Result "1/2-1/2"]
[WhiteElo "2454"]
[BlackElo "2397"]

1.Nf3 d5 2.g3 c6 3.Bg2 Bg4 4.d4 Nd7 5.O-O e6 6.Nbd2 Ngf6 7.Re1 Be7 8.e4 O-O
9.c3 b5 10.a4 a6 11.exd5 cxd5 12.Qb3 Rb8 13.Nf1 b4 14.c4 dxc4  1/2-1/2

[Event "German Cup Final"]
[Site "Berlin GER"]
[Date "2003.03.23"]
[Round "2"]
[White "Vaganian,R"]
[Black "Huebner,R"]
[Result "1/2-1/2"]
[WhiteElo "2667"]
[BlackElo "2625"]

1.Nf3 d5 2.g3 Nf6 3.Bg2 c6 4.O-O Bg4 5.d4 Nbd7 6.Nbd2 e6 7.Re1 Be7 8.e4 dxe4
9.Nxe4 Nxe4 10.Rxe4 Bf5 11.Re1 O-O 12.c3 a5 13.Qb3 Qb6 14.Ne5 Qc7 15.Bf4 a4
16.Qd1 Nxe5 17.Bxe5 Qb6 18.b4 axb3 19.Qxb3 Qxb3 20.axb3 Rfc8 21.h4  1/2-1/2

[Event "17th Masters"]
[Site "Clichy FRA"]
[Date "2003.03.27"]
[Round "6"]
[White "Velikov,P"]
[Black "Draoui,N"]
[Result "1-0"]
[WhiteElo "2435"]
[BlackElo "2278"]

1.Nf3 d5 2.g3 Nf6 3.Bg2 Nbd7 4.d4 g6 5.c4 c6 6.cxd5 cxd5 7.Nc3 Bg7 8.O-O O-O
9.a4 b6 10.Qb3 Ba6 11.Nb5 Bb7 12.Bf4 a6 13.Nc3 h6 14.Rfd1 e6 15.Rac1 Rc8
16.Bd6 Re8 17.Ne5 Nxe5 18.Bxe5 Ng4 19.Bxg7 Kxg7 20.e3 Qd6 21.Na2 a5 22.Nc3 Rc4
23.Bf1 h5 24.Bxc4 dxc4 25.Qxc4 h4 26.e4 hxg3 27.hxg3 Rh8 28.Qe2 Nf6 29.Rd2 Rh5
30.Kg2 Nxe4 31.Nxe4 f5 32.f3 fxe4 33.fxe4 Rg5 34.Rc3 Kg8  1-0

[Event "ch-VIE"]
[Site "Dong Thap VIE"]
[Date "2003.03.27"]
[Round "8"]
[White "Dinh Duc Trong"]
[Black "Bui Vinh"]
[Result "1/2-1/2"]
[WhiteElo "2380"]
[BlackElo "2461"]

1.Nf3 d5 2.g3 Nf6 3.Bg2 c5 4.O-O Nc6 5.d4 e6 6.e3 Be7 7.b3 b6 8.Bb2 Bb7 9.Nbd2 O-O
10.Ne5 Rc8 11.f4 Qc7 12.c3 Bd6 13.Rf2 Ne7 14.g4 b5 15.Qe2 a6 16.a4 b4 17.g5 Ne4
18.Nxe4 dxe4 19.c4 Nf5 20.Bh3 Bxe5 21.Bxf5 Bd6 22.Bh3 cxd4 23.Bxd4 Bc5 24.f5 exf5
25.Rxf5 Bxd4 26.exd4 Rcd8 27.Qe3 Qd6 28.Rd1 Bc8  1/2-1/2

[Event "29th ch-BAN"]
[Site "Dhaka BAN"]
[Date "2003.03.28"]
[Round "1"]
[White "Rahman,Zia"]
[Black "Abdulla,Al"]
[Result "0-1"]
[WhiteElo "2542"]
[BlackElo "2405"]

1.Nf3 d5 2.g3 c6 3.Bg2 Bg4 4.b3 Nd7 5.Bb2 Ngf6 6.O-O e6 7.d3 Bd6 8.Nbd2 O-O
9.h3 Bh5 10.Qe1 Re8 11.e4 e5 12.Nh4 Qb6 13.Nf5 Bc5 14.Kh1 Rad8 15.a3 Bg6
16.Nh4 Bd4 17.c3 Bc5 18.b4 Bf8 19.Rb1 a5 20.Nxg6 hxg6 21.Bf3 Qa6 22.Qe3 b5
23.Be2 c5 24.exd5 Nxd5 25.Qf3 e4 26.Nxe4 Ne5 27.Qg2 axb4 28.axb4 cxb4 29.cxb4 Nxb4
30.d4 Nc4 31.Rfd1 f5 32.Bxc4+ bxc4 33.Ng5 Nd3 34.Bc3 Re2 35.Rf1 Be7 36.Ra1 Qb5
37.Nf3 Qb3 38.Ba5 Rd7 39.Nd2 Qb5 40.Bc3 Bg5 41.Ra8+ Kh7 42.Nf3 Bf6 43.h4 Qd5
44.Kg1 Rc2 45.Ra5 Qe4 46.Ba1 Rb7 47.Ng5+ Bxg5 48.hxg5 Nxf2 49.Qh2+ Kg8 50.Ra8+ Kf7
51.d5 Ng4 52.Rf8+ Kxf8 53.Qh8+ Ke7 54.Qxg7+ Kd8 55.Qf8+ Kd7 56.Qg7+ Qe7  0-1

[Event "ch-VIE"]
[Site "Dong Thap VIE"]
[Date "2003.03.28"]
[Round "9"]
[White "Dinh Duc Trong"]
[Black "Dao Thien Hai"]
[Result "0-1"]
[WhiteElo "2380"]
[BlackElo "2560"]

1.Nf3 d5 2.g3 Bg4 3.Bg2 Nd7 4.d4 c6 5.Nbd2 e6 6.h3 Bh5 7.e4 Bg6 8.exd5 cxd5
9.Nh4 Rc8 10.Nxg6 hxg6 11.c3 Ne7 12.Qe2 Nb6 13.Nf3 Nf5 14.Qb5+ Qd7 15.Qxd7+ Nxd7
16.Bf4 Bd6 17.Bxd6 Nxd6 18.Bf1 Ke7 19.Bd3 Rc7 20.a4 Rb8 21.Kd2 Nf6 22.Ne5 Nfe4+
23.Bxe4 Nxe4+ 24.Ke2 a5 25.Nd3 b6 26.h4 Nd6 27.Ra2 Nc4 28.Kd1 Rcc8 29.Kc2 Nd6
30.Ne5 Ne4 31.Rf1 Rc7 32.Nf3 Kd6 33.Nd2 Nf6 34.Kd3 Rbc8 35.Raa1 Kc6 36.Rfe1 Kb7
37.Re3 Ne8 38.Re5 Nd6 39.h5 gxh5 40.Rxh5 Re7 41.Re1 Rce8 42.g4 g6 43.Rh7 g5
44.Rh6 Rf8 45.Rh7 Rg8 46.b3 Rc7 47.c4 Rgc8 48.Rc1 Rg8 49.Rch1 Rgc8 50.Rc1 Ne8
51.Rh8 Nf6 52.Rxc8 Rxc8 53.Rg1 Rh8 54.Rg3 Rh7 55.cxd5 Nxd5 56.Ne4 f6 57.Rf3 Rh6
58.Nc3 Nf4+ 59.Kd2 Kc6 60.Ne2 Nxe2 61.Kxe2 Kd5 62.Ke3 Rh4 63.Rxf6 Rxg4 64.Rg6 Re4+
65.Kf3 g4+ 66.Rxg4 Rxg4 67.Kxg4 Kxd4 68.Kg5 Kc3 69.f4 Kxb3 70.Kf6 Kxa4 71.Kxe6  0-1

[Event "Spring Open"]
[Site "Belgrade YUG"]
[Date "2003.03.29"]
[Round "5"]
[White "Mihajlovic,M"]
[Black "Zivkovic,Drago"]
[Result "1-0"]
[WhiteElo "2265"]
[BlackElo "2121"]

1.Nf3 d5 2.g3 c6 3.Bg2 Nf6 4.d3 Bg4 5.c3 Nbd7 6.O-O e5 7.h3 Bh5 8.Nbd2 Bd6
9.Nh4 O-O 10.Nf5 Bc7 11.Nb3 Re8 12.c4 d4 13.Qc2 Rb8 14.a4 Bg6 15.Nh4 Qe7
16.Nxg6 hxg6 17.a5 a6 18.e4 c5 19.Qe2 Nh5 20.Bf3 Ndf6 21.Bg5 Qd6 22.Bc1 b6
23.axb6 Rxb6 24.Qc2 Reb8 25.Ra3 Nd7 26.Bg5 Nhf6 27.Kg2 Nf8 28.Bc1 Ne6 29.Rh1 Bd8
30.h4 Nh5 31.Qd1 Nf6 32.Nd2 Kf8 33.Ra2 Ke7 34.Qa4 Qc6 35.Qc2 Qb7 36.Nf1 Rb4
37.Nh2 Bc7 38.Re1 Kf8 39.Kg1 Nd8 40.Qe2 a5 41.Kg2 Rb3 42.Rd1 Nc6 43.Ra3 Rxa3
44.bxa3 a4 45.h5 gxh5 46.Bxh5 Qb3 47.Bg5 Nh7 48.Nf3 Qxa3 49.Bc1 Qb3 50.Rh1 Nf6
51.Ng5 Nd8 52.Bxf7 Nxf7 53.Ne6+ Ke7 54.Nxc7 a3 55.Nd5+ Nxd5 56.exd5 a2 57.Bg5+ Kd6
58.Qg4 Re8 59.Bd2 Qxd3 60.Ba5 Ng5 61.Ra1 Qxc4 62.Qxg5 Qxd5+ 63.Kg1 Rh8 64.Qg6+ Qe6
65.Qxg7 Qh3 66.Qc7+ Ke6 67.Qc6+ Kf7 68.Qd5+ Kf6 69.Bd8+ Kg6 70.Qd6+ Kf5 71.Qf6+ Ke4
72.Qg6+ Kf3 73.Qd3+ Kg4 74.Qe4+ Kh5 75.Qxe5+ Kg4 76.f3+ Kxf3 77.Qf4+ Ke2
78.Rxa2+ Kd3 79.Qf3+ Kc4 80.Rc2+ Kb4 81.Rb2+  1-0

[Event "XII It III"]
[Site "Dos Hermanas ESP"]
[Date "2003.03.29"]
[Round "2"]
[White "Rodriguez Aguilera,A"]
[Black "Komljenovic,D"]
[Result "0-1"]
[WhiteElo "2297"]
[BlackElo "2431"]

1.Nf3 d5 2.g3 c6 3.Bg2 Bg4 4.d3 Nd7 5.c4 e6 6.O-O Ngf6 7.Nc3 Be7 8.h3 Bh5
9.a3 O-O 10.b4 Bxf3 11.exf3 Ne8 12.Rb1 Bf6 13.Qc2 Nd6 14.Ne2 b5 15.cxb5 cxb5
16.Bb2 Rc8 17.Qb3 Bxb2 18.Rxb2 Qf6 19.f4 Nb6 20.Rc2 Rxc2 21.Qxc2 Rc8 22.Qd2 Na4
23.Rc1 Qb2 24.Rxc8+ Nxc8 25.Qxb2 Nxb2 26.f5 exf5 27.Nc3 Nd6 28.d4 Nbc4 29.a4 bxa4
30.Bxd5 a3 31.Kf1 Nb5 32.Na2 Nb6 33.Bb7 Na4 34.Ba6 Nac3 35.Nc1 Nd6 36.Ke1 a2
37.Nb3 Nd5 38.b5 f4 39.g4 f3 40.Kd2 g5 41.Kc2 Nf4 42.Kb2 Nxh3 43.Nd2 Nxf2
44.Nxf3 f6 45.Nh2 f5 46.gxf5 g4 47.Nf1 h5 48.b6 axb6 49.Be2 Kf7 50.Kxa2 Nxf5  0-1

[Event "Spring Open"]
[Site "Belgrade YUG"]
[Date "2003.03.31"]
[Round "7"]
[White "Svetac,N"]
[Black "Zmijanac,D"]
[Result "0-1"]
[WhiteElo "2379"]
[BlackElo "2275"]

1.Nf3 d5 2.g3 c6 3.b3 Bg4 4.Bg2 Nd7 5.Bb2 Ngf6 6.O-O e6 7.d3 Bc5 8.Nbd2 O-O
9.e4 a5 10.a3 b5 11.Qe2 h6 12.h3 Bh5 13.Kh1 Rc8 14.Qe1 Bg6 15.Nh4 Bh7 16.f4 Be7
17.Nhf3 c5 18.c4 bxc4 19.bxc4 Rb8  0-1

[Event "Spring Open"]
[Site "Belgrade YUG"]
[Date "2003.04.01"]
[Round "8"]
[White "Mihajlovic,M"]
[Black "Scekic,M"]
[Result "1-0"]
[WhiteElo "2265"]
[BlackElo "2447"]

1.Nf3 d5 2.g3 Nc6 3.c3 e5 4.Bg2 f6 5.O-O Be6 6.Qb3 Rb8 7.d3 Qd7 8.Qc2 Bd6
9.e4 Nge7 10.Re1 O-O 11.Nbd2 a5 12.a3 Rfd8 13.b4 b6 14.h4 Ra8 15.exd5 Bxd5
16.b5 Na7 17.c4 Bb7 18.Ne4 c6 19.bxc6 Bxc6 20.Rb1 Bxe4 21.Rxe4 Bc5 22.d4 exd4
23.Qd3 Nac6 24.h5 Nc8 25.Bf4 Nd6 26.Bxd6 Qxd6 27.Rbe1 Qf8 28.Re6 Rac8 29.Nh4 Ne5
30.R1xe5 fxe5 31.Be4 Kf7 32.Rxe5 Qd6 33.Bd5+ Kf8  1-0

[Event "National I"]
[Site "Besancon FRA"]
[Date "2003.04.04"]
[Round "4"]
[White "Galdunts,S"]
[Black "Prie,E"]
[Result "1-0"]
[WhiteElo "2493"]
[BlackElo "2446"]

1.Nf3 d5 2.g3 Bg4 3.Bg2 Nd7 4.d3 e6 5.O-O Bd6 6.Nbd2 Ne7 7.c4 O-O 8.b3 c5
9.Bb2 Rc8 10.Rc1 Re8 11.Re1 Nc6 12.cxd5 exd5 13.d4 cxd4 14.Nxd4 Qf6 15.Bxd5 Be5
16.Ne4 Qg6 17.f3 Bh3 18.Qd2 Nb6 19.Nxc6 bxc6 20.Bc4 Rcd8 21.Qc2 Nxc4 22.bxc4 f5
23.Bxe5 fxe4 24.f4 h5 25.Qc3 h4 26.Rcd1 Bg4 27.Kf2 h3 28.Rd4 Qf5 29.Red1 Rxd4
30.Qxd4 Re7 31.Ke3 Kf7 32.Bxg7 c5 33.Qc3 Rd7 34.Rxd7+ Qxd7 35.Qf6+ Kg8 36.Qf8+ Kh7
37.Bc3 Bxe2 38.Qh8+ Kg6 39.Qf6+ Kh7 40.Qh8+ Kg6 41.Qg8+ Kh6 42.Qg7+  1-0

[Event "FSIMB April"]
[Site "Budapest HUN"]
[Date "2003.04.05"]
[Round "1"]
[White "Werner,Di"]
[Black "Woodward,T"]
[Result "1-0"]
[WhiteElo "2359"]
[BlackElo "2250"]

1.Nf3 d5 2.g3 Nf6 3.Bg2 Bf5 4.c4 c6 5.cxd5 cxd5 6.Qb3 Qc8 7.Nc3 e6 8.d3 Nc6
9.O-O Be7 10.Bf4 O-O 11.Rac1 Qd7 12.e4 Bg6 13.Ne5 Nxe5 14.Bxe5 Rac8 15.exd5 Bxd3
16.dxe6 Qxe6 17.Qxe6 fxe6 18.Bxb7 Rc5 19.Rfe1 Ng4 20.Bd4 Rc4 21.Nd5 Bb4 22.Rxc4 Bxe1
23.Rc8 Nxf2 24.Rxf8+ Kxf8 25.Nf4 Be4 26.Bxe4 Nxe4 27.Nxe6+ Kf7 28.Nxg7 Ng5
29.Kg2 a6 30.Nh5 Kg6 31.g4 Bd2 32.h4 Ne6 33.Bc3 Bc1 34.Kf3 Nc5 35.Nf4+ Kf7
36.Ne2 Bh6 37.g5 Bf8 38.Bb4 Bd6 39.Nf4 Bxf4 40.Bxc5 Bc1 41.b3 Ke6 42.Ke4 Bd2
43.Be3 Be1 44.h5 Kf7 45.Kf5  1-0

[Event "ch-SCO"]
[Site "Edinburgh SCO"]
[Date "2003.04.06"]
[Round "2"]
[White "Gourlay,I"]
[Black "MacDonald,C"]
[Result "1-0"]
[WhiteElo "2276"]
[BlackElo "2019"]

1.Nf3 d5 2.g3 Nf6 3.Bg2 Bf5 4.b3 c6 5.Bb2 Nbd7 6.d3 h6 7.Nbd2 e6 8.O-O Bd6
9.e4 Bg4 10.h3 Bxf3 11.Nxf3 Qc7 12.Qe2 dxe4 13.dxe4 Ne5 14.Nd2 O-O 15.f4 Ned7
16.e5 Bc5+ 17.Kh2 Nd5 18.Rf3 Bb4 19.Ne4 a5 20.c4 Ne7 21.Qf2 b6 22.Rd1 a4
23.a3 Bc5 24.Qd2 Rfd8 25.Rd3 axb3 26.Nxc5  1-0

[Event "ch-SCO"]
[Site "Edinburgh SCO"]
[Date "2003.04.10"]
[Round "6"]
[White "Gourlay,I"]
[Black "Motwani,P"]
[Result "0-1"]
[WhiteElo "2276"]
[BlackElo "2528"]

1.Nf3 d5 2.g3 g6 3.c4 dxc4 4.Na3 Bg7 5.Nxc4 Nc6 6.Bg2 e5 7.d3 Nge7 8.Bd2 a5
9.O-O O-O 10.Rc1 f6 11.Na3 Be6 12.Nb5 Qd7 13.Nc3 Rad8 14.Na4 b6 15.Qc2 Rf7
16.a3 Bd5 17.b4 Qe6 18.Qb2 axb4 19.axb4 Rd7 20.Bc3 Na7 21.b5 h6 22.Ra1 Nac8
23.Rfe1 Nd6 24.e4 Bb7 25.d4 Bxe4 26.dxe5 fxe5 27.Nxe5 Bxe5 28.Bxe5 Nc4 29.Qe2 Bxg2
30.Kxg2 Rd2 31.Qe4  0-1

[Event "IM"]
[Site "Evry FRA"]
[Date "2003.04.10"]
[Round "1"]
[White "Velikov,P"]
[Black "David,Vi"]
[Result "1/2-1/2"]
[WhiteElo "2435"]
[BlackElo "2351"]

1.Nf3 d5 2.g3 c6 3.Bg2 Nf6 4.O-O Bg4 5.d3 Nbd7 6.Nbd2 e5 7.h3 Bh5 8.e4 Bd6
9.Qe1 O-O 10.Nh4 Re8 11.Nf5 Bf8 12.Nb3 dxe4 13.dxe4 Nc5 14.Nxc5 Bxc5 15.a4 Qb6
16.a5 Qc7 17.b4 Bf8 18.Be3 Nd7 19.Qc3 b5 20.axb6 axb6 21.g4 Bg6 22.Rfd1 b5
23.Bf1 Qb7 24.f3 Rxa1 25.Rxa1 Ra8 26.Rxa8 Qxa8 27.Qd2 Qb7 28.c3 Qc7 29.Qa2 Qb7
30.Nh4 Be7 31.Nxg6 hxg6 32.Be2 Bd8 33.c4 bxc4 34.Bxc4 Qxb4 35.Bxf7+ Kh7 36.Kg2 Bh4
37.Qd2 Qe7 38.Ba2 Nf8 39.Qc3 Ne6 40.Qxc6 Qa3 41.Qxe6 Qxe3 42.Qg8+ Kh6 43.Qh8+ Kg5
44.Qd8+ Kf4 45.Qxh4 Qxf3+ 46.Kg1 Qd1+ 47.Kg2 Qf3+  1/2-1/2

[Event "ch-SCO"]
[Site "Edinburgh SCO"]
[Date "2003.04.13"]
[Round "9"]
[White "Motwani,P"]
[Black "Orr,M"]
[Result "1/2-1/2"]
[WhiteElo "2528"]
[BlackElo "2362"]

1.Nf3 d5 2.g3 Nf6 3.Bg2 Bg4 4.c4 Bxf3 5.Bxf3 c6 6.O-O e6 7.d4 Bd6 8.Nc3 Nbd7
9.e4 dxe4 10.Nxe4 Nxe4 11.Bxe4 Nf6 12.Bg2 O-O 13.Be3 Qc7 14.Qb3 b6 15.Rad1 Rad8
16.Rd3 c5 17.Rfd1 h6 18.h3 cxd4 19.Bxd4 Bc5 20.Be5 Rxd3 21.Bxc7 Rxb3 22.axb3 Rc8
23.Be5 Kf8 24.Bb7 Re8 25.Bc6 Rc8 26.Bb7  1/2-1/2

[Event "Asian Teams w"]
[Site "Jodhpur IND"]
[Date "2003.04.13"]
[Round "7"]
[White "Harika,D"]
[Black "Khanam,A"]
[Result "1-0"]
[WhiteElo "2294"]
[BlackElo "2060"]

1.Nf3 d5 2.g3 Nf6 3.Bg2 c6 4.O-O Bg4 5.b3 e6 6.Bb2 Bd6 7.d3 O-O 8.Nbd2 Qe7
9.a3 Nbd7 10.Qe1 Rfe8 11.h3 Bxf3 12.Nxf3 h6 13.e4 dxe4 14.dxe4 e5 15.Nh4 Bc7
16.Nf5 Qc5 17.Qe2 Rad8 18.a4 Nf8 19.c3 Ne6 20.Rfc1 a6 21.Ba3 Qb6 22.Be7 Rd7
23.Bxf6 gxf6 24.Nxh6+ Kh7 25.Qh5 Ng7 26.Qh4 Bd8 27.Nf5+ Kg8 28.Qg4  1-0

[Event "Asian Teams"]
[Site "Jodhpur IND"]
[Date "2003.04.15"]
[Round "9"]
[White "Ovezov,A"]
[Black "Barua,D"]
[Result "0-1"]
[WhiteElo "2358"]
[BlackElo "2545"]

1.Nf3 d5 2.g3 c6 3.Bg2 Bf5 4.c4 e6 5.Qb3 Qb6 6.Qxb6 axb6 7.cxd5 exd5 8.Nc3 b5
9.O-O Nf6 10.d3 b4 11.Nd1 h6 12.Re1 Nbd7 13.Nd4 Bh7 14.e4 dxe4 15.dxe4 Ne5
16.Be3 Nfg4 17.Nf5 Nxe3 18.Ndxe3 Nd3 19.Re2 g6 20.Rd1 Nc5 21.Ng4 Be7 22.Nfxh6 Rxa2
23.e5 Kf8 24.Nf6 Kg7 25.Nhg4 g5 26.h3 Bf5 27.f4 gxf4 28.gxf4 Ne6 29.Kh2 Bc5
30.Kg3 Bd4 31.Rdd2 Rd8 32.Be4 Bxe4 33.Nxe4 Bb6 34.Nd6 Nd4 35.Rg2 Bc5 36.Nf6 Bxd6
37.Kh2+ Kh6 38.Ng4+ Kg6 39.Ne3+ Kh7 40.Rxd4 Be7 41.Rc4 Rg8 42.Ng4 c5 43.f5 Bg5
44.f6 b5 45.Rxc5 Bf4+ 46.Kh1 Ra1+  0-1

[Event "IM"]
[Site "Evry FRA"]
[Date "2003.04.16"]
[Round "7"]
[White "Velikov,P"]
[Black "Amigues,E"]
[Result "1-0"]
[WhiteElo "2435"]
[BlackElo "2275"]

1.Nf3 d5 2.g3 c6 3.Bg2 Bg4 4.O-O Nd7 5.d3 e5 6.e4 Ngf6 7.h3 dxe4 8.hxg4 exf3
9.Qxf3 Be7 10.Nd2 O-O 11.Re1 Re8 12.Nc4 Bb4 13.c3 Bf8 14.g5 Nd5 15.Bh3 N5b6
16.Nxb6 axb6 17.d4 exd4 18.Rxe8 Qxe8 19.cxd4 Qe1+ 20.Kg2 Rd8 21.Qe3 Qd1 22.Qd2 Qxd2
23.Bxd2 Nc5 24.Be3 Nd3 25.b3 Nb4 26.Bf4 Rxd4 27.Bc8 Nd5 28.Be5 Re4 29.f4 Re2+
30.Kh3 f6 31.gxf6 gxf6 32.Bd4 Re7 33.a4 Kf7 34.Rd1 Ke8 35.f5 Bh6 36.Be6 Nc7
37.Bxf6 Nxe6 38.Bxe7 Kxe7 39.fxe6 Kxe6 40.Rd8 Bg5 41.Rd3 b5 42.axb5 cxb5
43.Kg4 h6 44.Kf3 b6 45.Ke4 b4 46.Rd5 Be7 47.Re5+ Kf6 48.Rd5 Ke6 49.Rf5 Bd6
50.Rh5 Bf8 51.Kf4 Bd6+ 52.Kg4 Bf8 53.Rf5 Bd6 54.Rf1 Be5 55.Rd1 Kf6 56.Rd5 Bc3
57.Kh5 Ke6 58.Rd8 Bf6 59.Rb8 Bc3 60.Kxh6  1-0

[Event "6th St Quentin Open"]
[Site "Elancourt FRA"]
[Date "2003.04.19"]
[Round "9"]
[White "Krivokapic,R"]
[Black "Schnitzer,P"]
[Result "1-0"]
[WhiteElo "2245"]
[BlackElo "2208"]

1.Nf3 d5 2.g3 c6 3.Bg2 Nf6 4.O-O Bg4 5.d4 Nbd7 6.Nbd2 e6 7.Re1 c5 8.c4 cxd4
9.cxd5 Nxd5 10.h3 Bh5 11.Nxd4 N7f6 12.Qa4+ Qd7 13.Qb3 Bg6 14.Nc4 Nb4 15.Be3 Be4
16.Bxe4 Nxe4 17.Ne5 Qc7 18.Qa4+ Kd8 19.Red1 Nd5 20.Bf4 Nec3  1-0

[Event "ch-FAI"]
[Site "Torshavn FAI"]
[Date "2003.04.19"]
[Round "11"]
[White "Simonsen,H"]
[Black "Samuelsen,C"]
[Result "0-1"]
[WhiteElo "2224"]
[BlackElo "2142"]

1.Nf3 d5 2.g3 Nf6 3.Bg2 Bg4 4.O-O c6 5.Ne5 Bh5 6.b3 e6 7.Bb2 Bd6 8.d3 Qc7
9.Nf3 Nbd7 10.c4 O-O 11.Nbd2 Ne5 12.Qc2 Nxf3+ 13.Nxf3 Qe7 14.a3 e5 15.Nh4 Qe6
16.e4 dxe4 17.dxe4 Rfd8 18.c5 Bc7 19.f3 b6 20.Nf5 Bg6 21.Bh3 Kh8 22.Kg2 Bxf5
23.Bxf5 Qe7 24.cxb6 Bxb6 25.Rfd1 Bd4 26.Bxd4 Rxd4 27.Rxd4 exd4 28.Qxc6 Rd8
29.b4 d3 30.Qc5 Qb7 31.Rd1 g6 32.Bh3 Kg8 33.Qc3 Nxe4 34.Qe5 Qc6 35.Qb2 Qc3
36.Qa2 Ng5 37.Qd2 Qf6 38.Qe3 d2 39.Bg4 h5 40.Bd7 Rxd7 41.h4 Ne6 42.Rxd2 Rxd2+
43.Qxd2 Qd4 44.Qe2 Nc7 45.f4 Nd5 46.Qe8+ Kg7 47.Qe5+ Qxe5 48.fxe5 Ne3+ 49.Kf3 Nc2
50.Ke4 Nxa3 51.Kd5 Nc2 52.b5 Na3 53.Kc6 Kf8 54.b6 axb6 55.Kd7  0-1

[Event "5th Open"]
[Site "Dubai UAE"]
[Date "2003.04.20"]
[Round "1"]
[White "Sale,S"]
[Black "Aleksandrov,A"]
[Result "0-1"]
[WhiteElo "2416"]
[BlackElo "2650"]

1.Nf3 d5 2.g3 g6 3.Bg2 Bg7 4.c4 e6 5.d4 Nc6 6.cxd5 exd5 7.Nc3 Nge7 8.O-O O-O
9.b3 Nf5 10.e3 Nce7 11.Ba3 Re8 12.Rc1 c6 13.Ne5 Nd6 14.h3 Nef5 15.Kh2 h5
16.Qf3 Nh6 17.Rfd1 Bf5 18.Qf4 g5 19.Qf3 f6 20.Nd3 Bg6 21.Nc5 Rc8 22.Bf1 Rc7
23.Bd3 f5 24.Bf1 Ne4 25.Nd3 Rf7 26.Ne5 Rxe5 27.dxe5 Bxe5 28.Bb2 h4 29.Kg1 hxg3
30.fxg3 g4 31.Qg2 gxh3 32.Qxh3 Ng4 33.Nxe4 Bxb2 34.Rb1 Be5 35.Nf2 Rh7 36.Qg2 Nxe3
37.Qf3 Nxd1 38.Rxd1 Qg5 39.Rxd5 Bxg3 40.Rd8+ Qxd8 41.Qxg3 Rg7 42.Kh2 Qc7  0-1

[Event "11th Open"]
[Site "Tarbes FRA"]
[Date "2003.04.20"]
[Round "6"]
[White "Lazarev,V"]
[Black "Barsov,A"]
[Result "1/2-1/2"]
[WhiteElo "2517"]
[BlackElo "2531"]

1.Nf3 d5 2.g3 c6 3.Bg2 Bg4 4.O-O e6 5.d3 Bd6 6.c4 Ne7 7.Nbd2 Nd7 8.b3 O-O
9.Bb2 a5 10.a3 Rc8 11.Rc1 b5 12.cxb5 cxb5 13.Rxc8 Qxc8  1/2-1/2

[Event "7th Neckar Open"]
[Site "Deizisau GER"]
[Date "2003.04.21"]
[Round "9"]
[White "Burmakin,V"]
[Black "Mueller,Matt"]
[Result "1-0"]
[WhiteElo "2569"]
[BlackElo "2395"]

1.Nf3 d5 2.g3 Nf6 3.Bg2 e6 4.O-O c5 5.d4 Nc6 6.c4 Be7 7.cxd5 exd5 8.Nc3 O-O
9.Bg5 cxd4 10.Nxd4 h6 11.Be3 Re8 12.Qc2 Bg4 13.h3 Bd7 14.Rfd1 Bd6 15.Nf5 Be5
16.Bxd5 Nxd5 17.Nxd5 Qc8 18.g4 h5 19.f4 hxg4 20.hxg4 Bxf5 21.Qxf5 Qd8 22.fxe5 Rxe5
23.Qf3 Qh4 24.Kg2 Rae8 25.Rh1 Qd8 26.Rad1 f6 27.Rh5 R5e6 28.g5 fxg5  1-0

[Event "5th Open"]
[Site "Dubai UAE"]
[Date "2003.04.21"]
[Round "2"]
[White "Pigusov,E"]
[Black "Sveshnikov,E"]
[Result "1/2-1/2"]
[WhiteElo "2588"]
[BlackElo "2551"]

1.Nf3 d5 2.g3 Nf6 3.Bg2 c6 4.O-O Bf5 5.d3 e6 6.c4 dxc4 7.dxc4 Qxd1 8.Rxd1 Nbd7
9.Nc3 Bb4 10.Bd2 h6 11.Rac1 a5 12.Nd4  1/2-1/2

[Event "Open"]
[Site "Lenk SUI"]
[Date "2003.04.21"]
[Round "7"]
[White "Vuilleumier,A"]
[Black "Raetsky,A"]
[Result "1-0"]
[WhiteElo "2173"]
[BlackElo "2461"]

1.Nf3 d5 2.g3 Nc6 3.d4 Bg4 4.Bg2 Qd7 5.h3 Bh5 6.O-O O-O-O 7.c3 f6 8.b4 Kb8
9.b5 Na5 10.Qa4 b6 11.Na3 e6 12.Re1 a6 13.c4 Bxa3 14.Qxa3 axb5 15.c5 Ne7
16.Bf4 Kb7 17.e4 Nc4 18.Qb3 g5 19.exd5 exd5 20.Nxg5 fxg5 21.Bxg5 Nc6 22.Bxd8 Rxd8
23.Qxb5 N6a5 24.Qb4 Nc6 25.Qc3 Bg6 26.Rad1 Ka7 27.Re2 h5 28.Qe1 Bf5 29.Kh2 Ka6
30.Qf1 Qg7 31.a4 Nxd4 32.Red2 bxc5 33.Bxd5 Rxd5 34.Qxc4+  1-0

[Event "Commonwealth Ch"]
[Site "Mumbai IND"]
[Date "2003.04.21"]
[Round "2"]
[White "Sharma,RP"]
[Black "Safin,S"]
[Result "0-1"]
[WhiteElo "2352"]
[BlackElo "2523"]

1.Nf3 d5 2.g3 Bg4 3.Bg2 c6 4.O-O Nd7 5.d3 Ngf6 6.Nbd2 e5 7.h3 Bh5 8.e4 Bd6
9.Qe2 O-O 10.Rd1 Re8 11.b3 Qc7 12.Bb2 a5 13.a3 Nc5 14.Rac1 Nfd7 15.Qf1 dxe4
16.dxe4 Bf8 17.Re1 b5 18.h4 f6 19.Bh3 Ne6 20.Rcd1 Ndc5 21.Bf5 Rad8 22.Qh3 Bf7
23.h5 Nb7 24.Qh4 Nd6 25.Bh3 h6 26.Nf1 c5 27.Bxe6 Bxe6 28.Ne3 c4 29.bxc4 Nxc4
30.Nxc4 Rxd1 31.Rxd1 Qxc4 32.Rd2 Qa2 33.Bc3 Qxa3 34.Rd3 Bc4 35.Re3 Qc1+ 36.Kh2 Qxc2
37.Ng1  0-1

[Event "City-ch"]
[Site "St Petersburg RUS"]
[Date "2003.04.21"]
[Round "6"]
[White "Loginov,Va"]
[Black "Ivanov,Se"]
[Result "1/2-1/2"]
[WhiteElo "2540"]
[BlackElo "2557"]

1.Nf3 d5 2.g3 c6 3.Bg2 Bg4 4.c4 e6 5.O-O Nf6 6.d3 Be7 7.cxd5 exd5 8.Nc3 d4
9.Ne4 O-O 10.Qb3 Bxf3 11.Bxf3 Qb6 12.Nxf6+ Bxf6 13.Qxb6 axb6 14.b4 b5 15.a3 Nd7
16.Ra2 Nb6 17.Rc2 Rfd8 18.h4 Nd5 19.Bb2 Nb6 20.Kg2 Na4 21.Bc1 Nc3 22.Bb2 Na4
23.Bc1 Nc3 24.Bb2 Na4  1/2-1/2